000 00513nam a2200181Ia 4500
005 20250423095457.0
008 250422s9999 xx 000 0 und d
020 _a0688109365
050 _aHD 30 .27 .B36/
100 _aBarker, Joel Arthur
245 0 _aFuture edge : discovering the new paradigms of success
260 _aNew York
260 _bW. Morrow
260 _c1992
300 _a240 p
650 _aBusiness forecasting Forecasting Paradigms (Social sciences) Success in business
942 _cBK
999 _c30393
_d30393